Préfectures, sous-préfectures ou rien ? - Statistiques

Statistiques générales
  • Ce quiz a été pris 712 fois
    704 depuis la dernière actualisation
  • Le résultat moyen est 71 sur 96
Statistiques - réponses
Question Tuile Select % Correct
Sélectionnez toutes les préfectures La Ciotat Non
99%
Sélectionnez toutes les préfectures Brioude Non
98%
Sélectionnez toutes les préfectures Nyons Non
98%
Sélectionnez toutes les préfectures Villeurbanne Non
97%
Sélectionnez toutes les préfectures Clichy Non
96%
Sélectionnez toutes les préfectures Lille Oui
96%
Sélectionnez toutes les préfectures Strasbourg Oui
96%
Sélectionnez toutes les préfectures Sète Non
95%
Sélectionnez toutes les préfectures Alès Non
93%
Sélectionnez toutes les préfectures Montélimar Non
91%
Sélectionnez toutes les préfectures Orly Non
90%
Sélectionnez toutes les préfectures Parthenay Non
90%
Sélectionnez toutes les préfectures Biarritz Non
89%
Sélectionnez toutes les préfectures Carpentras Non
89%
Sélectionnez les villes qui ne sont ni des préfectures, ni des sous-préfectures Saint-Brieuc Non
89%
Sélectionnez toutes les préfectures Vierzon Non
88%
Sélectionnez toutes les préfectures Aubervilliers Non
87%
Sélectionnez toutes les sous-préfectures Nevers Non
87%
Sélectionnez toutes les préfectures Mont-de-Marsan Oui
86%
Sélectionnez les villes qui ne sont ni des préfectures, ni des sous-préfectures Bar-le-Duc Non
85%
Sélectionnez toutes les préfectures Châtellerault Non
85%
Sélectionnez toutes les préfectures Foix Oui
85%
Sélectionnez toutes les préfectures Châlons-en-Champagne Oui
84%
Sélectionnez toutes les préfectures Mulhouse Non
84%
Sélectionnez toutes les préfectures Neuilly-sur-Seine Non
84%
Sélectionnez toutes les préfectures Saint-Dizier Non
84%
Sélectionnez toutes les sous-préfectures Cahors Non
83%
Sélectionnez toutes les sous-préfectures Cayenne Non
83%
Sélectionnez toutes les sous-préfectures Chaumont Non
83%
Sélectionnez toutes les sous-préfectures Périgueux Non
83%
Sélectionnez les villes qui ne sont ni des préfectures, ni des sous-préfectures Angoulême Non
82%
Sélectionnez toutes les préfectures Lorient Non
82%
Sélectionnez toutes les préfectures Auch Oui
81%
Sélectionnez toutes les préfectures Briançon Non
81%
Sélectionnez les villes qui ne sont ni des préfectures, ni des sous-préfectures Privas Non
81%
Sélectionnez toutes les sous-préfectures Saint-Lô Non
80%
Sélectionnez toutes les préfectures Vesoul Oui
80%
Sélectionnez les villes qui ne sont ni des préfectures, ni des sous-préfectures Vichy Non
80%
Sélectionnez toutes les préfectures Mâcon Oui
79%
Sélectionnez toutes les sous-préfectures Blois Non
78%
Sélectionnez toutes les préfectures Castres Non
78%
Sélectionnez toutes les préfectures Laon Oui
77%
Sélectionnez toutes les sous-préfectures Talence Non
77%
Sélectionnez toutes les sous-préfectures Tulle Non
77%
Sélectionnez toutes les sous-préfectures La Roche-sur-Yon Non
76%
Sélectionnez toutes les préfectures Lons-le-Saunier Oui
76%
Sélectionnez toutes les sous-préfectures Le Havre Oui
75%
Sélectionnez toutes les sous-préfectures Reims Oui
74%
Sélectionnez les villes qui ne sont ni des préfectures, ni des sous-préfectures Die Non
73%
Sélectionnez toutes les sous-préfectures Echirolles Non
73%
Sélectionnez toutes les sous-préfectures Quimper Non
73%
Sélectionnez toutes les sous-préfectures Saumur Oui
73%
Sélectionnez les villes qui ne sont ni des préfectures, ni des sous-préfectures Trappes Oui
73%
Sélectionnez toutes les sous-préfectures Colomiers Non
72%
Sélectionnez toutes les sous-préfectures Dreux Oui
72%
Sélectionnez toutes les sous-préfectures Calais Oui
71%
Sélectionnez les villes qui ne sont ni des préfectures, ni des sous-préfectures Corte Non
70%
Sélectionnez toutes les sous-préfectures Hyères Non
69%
Sélectionnez toutes les préfectures Chalon-sur-Saône Non
68%
Sélectionnez toutes les sous-préfectures Le Creusot Non
68%
Sélectionnez les villes qui ne sont ni des préfectures, ni des sous-préfectures Saint-Raphaël Oui
68%
Sélectionnez toutes les sous-préfectures Biarritz Non
67%
Sélectionnez les villes qui ne sont ni des préfectures, ni des sous-préfectures Villefranche-de-Rouergue Non
67%
Sélectionnez les villes qui ne sont ni des préfectures, ni des sous-préfectures Limoux Non
66%
Sélectionnez toutes les sous-préfectures Avranches Oui
65%
Sélectionnez les villes qui ne sont ni des préfectures, ni des sous-préfectures Castelsarrasin Non
65%
Sélectionnez les villes qui ne sont ni des préfectures, ni des sous-préfectures Colombes Oui
64%
Sélectionnez les villes qui ne sont ni des préfectures, ni des sous-préfectures Longwy Oui
64%
Sélectionnez les villes qui ne sont ni des préfectures, ni des sous-préfectures Canet-en-Roussillon Oui
63%
Sélectionnez les villes qui ne sont ni des préfectures, ni des sous-préfectures Mauriac Non
63%
Sélectionnez les villes qui ne sont ni des préfectures, ni des sous-préfectures Montbard Non
63%
Sélectionnez les villes qui ne sont ni des préfectures, ni des sous-préfectures Saint-Chamond Oui
63%
Sélectionnez les villes qui ne sont ni des préfectures, ni des sous-préfectures Saint-Jean-d'Angély Non
63%
Sélectionnez les villes qui ne sont ni des préfectures, ni des sous-préfectures Delle Oui
62%
Sélectionnez toutes les sous-préfectures Aix-les-Bains Non
61%
Sélectionnez les villes qui ne sont ni des préfectures, ni des sous-préfectures Evron Oui
61%
Sélectionnez toutes les sous-préfectures Montbrison Oui
60%
Sélectionnez toutes les sous-préfectures Nogent-sur-Marne Oui
60%
Sélectionnez les villes qui ne sont ni des préfectures, ni des sous-préfectures Rezé Oui
60%
Sélectionnez toutes les sous-préfectures Aubusson Oui
59%
Sélectionnez les villes qui ne sont ni des préfectures, ni des sous-préfectures Massy Oui
59%
Sélectionnez les villes qui ne sont ni des préfectures, ni des sous-préfectures Mortagne-au-Perche Non
59%
Sélectionnez les villes qui ne sont ni des préfectures, ni des sous-préfectures Rethel Non
59%
Sélectionnez les villes qui ne sont ni des préfectures, ni des sous-préfectures Romans-sur-Isère Oui
59%
Sélectionnez les villes qui ne sont ni des préfectures, ni des sous-préfectures Florac-Trois-Rivières Non
58%
Sélectionnez les villes qui ne sont ni des préfectures, ni des sous-préfectures Altkirch Non
57%
Sélectionnez les villes qui ne sont ni des préfectures, ni des sous-préfectures Roubaix Oui
57%
Sélectionnez les villes qui ne sont ni des préfectures, ni des sous-préfectures Cannes Oui
56%
Sélectionnez les villes qui ne sont ni des préfectures, ni des sous-préfectures Annemasse Oui
54%
Sélectionnez toutes les sous-préfectures Avallon Oui
53%
Sélectionnez les villes qui ne sont ni des préfectures, ni des sous-préfectures Creil Oui
53%
Sélectionnez toutes les sous-préfectures Neufchâteau Oui
51%
Sélectionnez toutes les sous-préfectures Pointe-à-Pitre Oui
50%
Sélectionnez toutes les sous-préfectures Sartène Oui
50%
Sélectionnez toutes les sous-préfectures Le Blanc Oui
48%
Sélectionnez toutes les sous-préfectures Nérac Oui
44%
Aucun quiz correspondant
Distribution des résultats
% des personnes avec chaque résultat
Percentile par nombre de réponses
Votre historique - résultats
Vous n’avez pas pris ce quiz depuis la dernière actualisation